Ч. 3; Вычислительные методы линейной алгебры. Набор матриц для тестирования

Opis bibliograficzny
Parent link:Вычислительные методы линейной алгебры. Набор матриц для тестирования: в 3 ч./ В. Н. Фаддеева, Л. Ю. Колотилина; Академия наук СССР (АН СССР), Математический институт им. В. А. Стеклова (МИАН) ; под ред. В. В. Воеводина. Ч. 3.— , 1982
Język:rosyjski
Wydane: 1982
Hasła przedmiotowe:
Format: Książka
KOHA link:https://koha.lib.tpu.ru/cgi-bin/koha/opac-detail.pl?biblionumber=305256

MARC

LEADER 00000nam2a2200000 4500
001 305256
005 20231102001801.0
035 |a (RuTPU)RU\TPU\book\330523 
035 |a RU\TPU\book\330522 
090 |a 305256 
100 |a 20150925d1982 km y0rusy50 ca 
101 0 |a rus 
102 |a RU 
105 |a y z 001zy 
200 0 |a Ч. 3 
210 |d 1982 
215 |a 144 с. 
320 |a Библиогр.: с. 135-143 
461 1 |0 (RuTPU)RU\TPU\book\373107  |t Вычислительные методы линейной алгебры. Набор матриц для тестирования  |o в 3 ч.  |f В. Н. Фаддеева, Л. Ю. Колотилина  |g Академия наук СССР (АН СССР), Математический институт им. В. А. Стеклова (МИАН) ; под ред. В. В. Воеводина  |v Ч. 3  |d 1982  |s Материалы по математическому обеспечению ЭВМ 
606 1 |a Линейная алгебра  |x Вычислительные методы  |2 stltpush  |3 (RuTPU)RU\TPU\subj\40175  |9 60040 
610 1 |a математическое обеспечение 
610 1 |a ЭВМ 
610 1 |a матрицы 
610 1 |a собственные значения 
610 1 |a тестирование 
675 |a 519.61  |v 4 
801 1 |a RU  |b 63413507  |c 20150708 
801 2 |a RU  |b 63413507  |c 20190909  |g RCR 
942 |c BK